Statistics for Countries Closest to Florida - One Minute Sprint

Click here to take the quiz!

General Stats

  • This quiz has been taken 103 times
  • The average score is 13 of 20

Answer Stats

kmCountrymiles% Correct
154Cuba96
97%
619Mexico385
94%
83Bahamas51
91%
756Jamaica470
84%
927Haiti576
83%
988Honduras614
79%
1066Dominican Republic663
78%
1069Guatemala664
77%
945Belize587
73%
1215Canada755
73%
1536Costa Rica955
71%
1666Panama1035
71%
1363El Salvador847
69%
1073Nicaragua666
68%
2007St Kitts and Nevis1247
67%
1736Venezuela1079
44%
1670Colombia1038
41%
1764Aruba1096
26%
1843Curaçao1145
19%
1946Sint Maarten1209
19%

Score Distribution

Percentile by Number Answered

Percent of People with Each Score

Your Score History

You have not taken this quiz